00920nam a2200217Ia 450000500170000000800410001702000180005805000220007610000280009824500670012626000470019330000510024033600100029133700140030133800120031550000360032750502670036365000150063070000250064570000320067020231102151117.0120626s2010 us a 000 0 spa d a978160255290614aHD57.7bW458 20101 aWhite, B. Josepheautor10aLa naturaleza del liderazgo c / B. Joseph White, Yaron Prywes aEstados Unidos b : Grupo Nelsonc , 2010 ax, 213 páginasbfotografías, ilustraciones atexto asin medio avolumen aIncluye: Índice (pp. 189-197)2 aConviertase en un líder, en un mejor líder, en un gran líder Reptiles contra mamíferos La pirámide del liderazgo Excelencia reptil Excelencia mamífera El secreto de convertirse en un gran líder Rétese usted mismo a convertirse en un gran líder14aLIDERAZGO  aPrywes, Yaroneautor aCartaya, Rolandoetraductor